01750 a2200193 45000010006000000050017000060080041000230030015000640400040000790800078001192450109001970200022003062640034003283000025003625051038003870410008014251000028014338560095014614231720260407155713.0260407a2010 arg spa dAR-UNSa-BCEJYS aAR-UNSa-BCEJYSbspacAR-UNSa-BCEJYS a336.226.1xImpuestos a las ganancias o los beneficios (Impuesto Diferido)10aGanancias. Personas físicaspcien casos prácticos : justificación de las variaciones patrimoniales a978-987-01-0943-3 1aBuenos Aires :bErreparc2010 axiii, 106 p.c27 cm. aPRIMERA PARTE: CASOS PRÁCTICOS ACERCA DEL IMPUESTO A LAS GANANCIAS. EJERCITACIÓN ESPECIALMENTE REFERIDA AL SUJETO PERSONA FÍSICA Y SUCESIONES INDIVISAS. 1. Objeto y sujetos del impuesto - 2. Fuente argentina y extranjera. Casos especiales - 3. Ganancia bruta, neta y neta sujeta a impuesto - 4. Año fiscal e imputación de las ganancias y gastos - 5. Compensación de quebrantos con ganancias - 6. Deducciones personales del artículo 23, LIG - 7. Deducciones admitidas y no admitidas por la Ley - 8. Exenciones - 9. Ganancias de los componentes de la sociedad conyugal - 10. Ganancias de los menores de edad - 11. Sociedades entre cónyuges - 12. Sucesiones indivisas - 13. Salidas no documentadas - 14. Amortizaciones - 15. Resultado de diversas categorías - 16. Retenciones en la fuente - 17. Determinación del impuesto. Pagos a cuenta - 18. El impuesto a las ganancias y el impuesto a la transferencia de inmuebles - ITI- -- SEGUNDA PARTE: JUSTIFICACIÓN DE VARIACIONES PATRIMONIALES. INDICE DE CASOS PRÁCTICOS aspa1 aYódice, Julio César41uhttps://biblioeco.unsa.edu.ar/pmb/images/libros/L126480.jpgyImagen de portadaqimage/jpeg